Quizzes
Events
Quiz Creation
Community
Videos
Private Events
Remove Ads
Sign In
Join for FREE
Feedback
Dark Mode
Quiz Categories
Sports
Geography
Music
Movies
Television
Just For Fun
Miscellaneous
History
Literature
Language
Science
Gaming
Entertainment
Religion
Holiday
For Kids
Quiz Lab
Recent
Popular Today
Quiz Kudos Today
Editor Picks
Curator Picks
Quizzes by...
Day
Popularity
Type
Ratings
Length
Year
Community
Subscriptions
Recent Discussions
Orange Saloon
Badges
Playlists
Quests
Create
Leaderboards
Showdown
Live 5
Trivia Bingo
Activity
Puzzle Library
Sporcle Events
Private Events
Virtual Trivia
Globe League
Become a Host
Pub Owners
SporcleCon
Opinionation
Our Games
Videos
Blog
Mobile Apps
Partnerships
Remove Ads and Go Orange
Feedback
Music
Pop Music
The Beatles
Song
Album
Lyrics
Bands
Singers
Artist
Clip
Rock
Rap
Classical
Billboard
Country Music
Kpop
Taylor Swift
Music
Pop Music
The Beatles
Song
Album
Lyrics
Bands
Singers
Artist
Clip
Rock
Rap
Classical
Billboard
Country Music
Kpop
Taylor Swift
Random Quiz
Search Sporcle
×
Quiz Lab
Quiz Lab
Music
Lyrics
Type in answers that appear in a list
Type in answers that appear in a list
Classic
Best Score? Go Orange.
Beneath Your Beautiful Stats
Can you name the Beneath Your Beautiful Lyrics?
By
TheDancingQueen
10m
145 Questions
228 Plays
228 Plays
228 Plays
Comments
Comments
Give Quiz Kudos
Give Quiz Kudos
-
- Ratings
hide this ad
Replay
Link that replays current quiz
Next Quiz
Link to next quiz in quiz playlist
You Got
0%
They Got
Avg Score
90%
Avg Friend Score
Upgrade to see
Score Distribution
Jump to the score distribution portion of the page
Score
0/145
Timer
10:00
0
Plays Today
Answer
% Correct
You
100%
you
100%
you
100%
you
100%
you
100%
you
100%
you
100%
you
100%
you
100%
you
100%
you
100%
your
99.1%
your
99.1%
your
99.1%
your
99.1%
your
99.1%
your
99.1%
beautiful
98.2%
beautiful
98.2%
me
97.8%
me
97.8%
beneath
97.8%
me
97.8%
beneath
97.8%
me
97.8%
beneath
97.8%
me
97.8%
the
96.9%
see
96.9%
see
96.9%
see
96.9%
see
96.9%
the
96.9%
a
96.9%
let
96.5%
let
96.5%
let
96.5%
let
96.5%
no
96.1%
no
96.1%
it
96.1%
no
96.1%
it
96.1%
it
96.1%
it
96.1%
it
96.1%
it
96.1%
no
96.1%
it
96.1%
Answer
% Correct
of
94.7%
go
94.7%
all
94.3%
all
94.3%
boys
93.4%
feel
93.4%
good
93.4%
girl
93.4%
girl
93.4%
feel
93.4%
good
93.4%
makes
92.5%
but
92.5%
but
92.5%
off
92.5%
now
92.5%
off
92.5%
now
92.5%
makes
92.5%
but
92.5%
take
92.1%
take
92.1%
that
91.7%
that
91.7%
that
91.7%
don't
91.2%
don't
91.2%
would
90.8%
would
90.8%
would
90.8%
tell
90.8%
on
90.4%
on
90.4%
so
89%
so
89%
perfect
89%
so
89%
so
89%
wanna
88.6%
tonight
88.6%
girls
88.2%
I'm
87.7%
I'm
87.7%
won't
87.3%
you're
86.8%
my
86.4%
if
86.4%
inside
86.4%
if
86.4%
Answer
% Correct
one
86%
could
86%
try
86%
one
86%
could
86%
try
86%
gonna
85.5%
gonna
85.5%
know
84.6%
you've
84.2%
you've
84.2%
climb
84.2%
you've
84.2%
you've
84.2%
climb
84.2%
out
83.8%
league
83.3%
stop
83.3%
high
83.3%
stop
83.3%
high
83.3%
i
82.5%
built
82.5%
i
82.5%
i
82.5%
built
82.5%
scare
82%
walls
82%
walls
82%
yeah
81.6%
carried
81.6%
long
81.6%
tried
81.6%
carried
81.6%
long
81.6%
tried
81.6%
oh
81.1%
couldn't
80.7%
couldn't
80.7%
say
79.4%
please
78.5%
show
78.1%
broadway
77.2%
hurt
75.9%
heard
75.4%
behind
75%
voice
65.4%
Quiz Playlist
Details
Report
Send in Message
Add To Playlist
Classic:
Type in answers that appear in a list
Last Updated: Feb 16, 2017
Quiz Scoreboard
CHALLENGE
Sign Up to Join the Scoreboard
Show All
Scores
Hide
Comments
May contain spoilers
Recently Published
Presidents Visiting Landmarks
by Hejman
History
7m
An Introduction to Baseball
by treessimontrees
Sports
5m
Movies - When Are They Set?
by FPL_Elf
Movies
5m
More to Explore
Quiz From the Vault
Featured Blog Post
Where Did the Easter Bunny Come From?
hide this ad
You Might Also Like...
Tags
Lyrics Quiz
Musical Songs
Music Clip
Today's Top Quizzes in Music
Browse Music
hide this ad
Today's Top Quizzes in Lyrics
Browse Lyrics
Top Contributed Quizzes in Music
1
Taylor Swift All Songs (2024)
2
Guess the Artist- 70s Songs
3
Taylor Swift Logic Puzzle
4
KPOP LOGIC QUIZ
5
One Thing in Common: Music
6
2010s Album by Cover III
7
7-to-1: Billboard Hot 100 #1 Hits of 2010s
8
Guess the Taylor Swift song (Mystery Song)
9
Sorting Albums and Songs
10
2000s Album Cover Bunker
Explore More
Trending Topics
Anime
Disney
Harry Potter
Marvel
NBA
Crossword
Kpop
Pokémon
The Office
NFL
Soccer
Country
Song
WWE
Puzzle
hide this ad
More By:
TheDancingQueen
Quiz
Plays
Rating
Category
Featured
Created
Beneath Your Beautiful
228
4.00
Music
Aug 30, 2013
Go to Creator's Profile
Score Distribution
Quiz Creator Spotlight
TheDancingQueen
Follow
Send a Message
Quizzes Created
-
Created Quiz Play Count
-
More By This Creator
Popular Quizzes Today
1
Find the US States - No Outlines Minefield
2
Find the Countries of Europe - No Outlines Minefield
3
The Countries of the World
4
Find the US States
5
Popular People in 1961
6
US States
7
Risky Map Clicking: Biggest States A-Z
8
1-10 Letter E Words III
More Music Quizzes
Same Name Kpop Songs IV [Audio]
Quiz Lab
Trending Quizzes
Risky Map Clicking: Least Populous States A-Z
1-10 Letter G Words
1-10 Letter F Words
Risky Map Clicking: Next State Alphabetically
Risky Map Clicking: Biggest States A-Z
Recently Updated
Leaping Animals
pecheneg
Reality TV Shows (A-Z)
bhenderson79
Rickey Henderson's Hall of Fame Teammates
pecheneg
Champions League XIs: Arsenal
pecheneg
Quick Pick: Celebrities in WWE's Hall of Fame
aduchscher
A-Z Keypad Blitz II
pecheneg
Multiple Oscar Actors
pecheneg
Mystery Phrase Blitz: Oscar 'Best Actors'
pecheneg
F. Scott Fitzgerald Novels
LTH
Pick 3 Villains
ddd62291
Trending Topics
NBA
Kpop
Harry Potter
Marvel
Disney
Crossword
Anime
Country
Soccer
Puzzle
The Office
WWE
NFL
Song
Pokémon
Your Account Isn't Verified!
In order to create a playlist on Sporcle, you need to verify the email address you used during registration. Go to your
Sporcle Settings
to finish the process.
Report this User
Report this user for behavior that violates our
Community Guidelines
.
Details:
Send Report
Go to the Sporcle.com Mobile Site →
Comments